|
|
|
|
| LEADER |
00910cam a2200241 7i4500 |
| 001 |
0000027003 |
| 005 |
20111013090000.0 |
| 090 |
0 |
0 |
|a SR 338.4791
|b TRA
|
| 245 |
0 |
0 |
|a Travel and tourism - India :
|b April 2011.
|
| 260 |
0 |
0 |
|a London:
|b Euromonitor International,
|c 2011.
|
| 300 |
# |
# |
|a [v.p].
|
| 440 |
# |
# |
|a Country report:2011
|
| 650 |
0 |
0 |
|a Tourism flows domestic --
|x Markets --
|z India
|
| 650 |
0 |
0 |
|a Tourism flows inbound --
|x Markets --
|z India
|
| 650 |
0 |
0 |
|a Tourism flows outbound --
|x Markets --
|z India
|
| 650 |
0 |
0 |
|a Tourism attractions --
|x Markets --
|z India
|
| 650 |
0 |
0 |
|a Travel accomodation --
|x Markets --
|z India
|
| 650 |
0 |
0 |
|a Travel retail --
|x Markets --
|z India
|
| 650 |
0 |
0 |
|a Travel --
|x Markets --
|z India
|
| 650 |
0 |
0 |
|a Car rental --
|x Markets --
|z India
|
| 650 |
0 |
0 |
|a Transportation --
|x Markets --
|z India
|
| 651 |
0 |
0 |
|a India
|
| 999 |
|
|
|a B000029215
|b Book
|c Services
|e Business Information Centre
|